|
|
|
|
| LEADER |
00697nab a2200217 i 4500 |
| 001 |
publ33114 |
| 005 |
20250516152327.0 |
| 008 |
250516s1985 hu o 000 eng d |
| 022 |
|
|
|a 0038-9056
|
| 024 |
7 |
|
|a 10.1002/star.19850370605
|2 doi
|
| 024 |
7 |
|
|a 1864806
|2 mtmt
|
| 040 |
|
|
|a SZTE Publicatio Repozitórium
|b hun
|
| 041 |
|
|
|a eng
|
| 100 |
1 |
|
|a Hódi Klára
|
| 245 |
1 |
0 |
|a Electron Microscopic Study of Cyclodextrin Derivatives
|h [elektronikus dokumentum] /
|c Hódi Klára
|
| 260 |
|
|
|c 1985
|
| 300 |
|
|
|a 205-208
|
| 490 |
0 |
|
|a STARCH-STARKE
|v 37
|
| 650 |
|
4 |
|a Kémiai tudományok
|
| 700 |
0 |
1 |
|a Kata Mihály
|e aut
|
| 856 |
4 |
0 |
|u http://publicatio.bibl.u-szeged.hu/33114/1/aok_klny_944_85.pdf
|z Dokumentum-elérés
|